[Event "Oberbayern Bezirksliga 1617"]
[Site "Germany"]
[Date "2017.02.05"]
[Round "5.3"]
[White "Lechermann, Markus"]
[Black "Terzic, Safet"]
[Result "1/2-1/2"]
[WhiteElo "2064"]
[BlackElo "2150"]
[PlyCount "48"]
[EventDate "2016.10.16"]
[EventType "team-tourn"]
[EventRounds "9"]
[EventCountry "GER"]
[SourceTitle "EXT 2019"]
[Source "ChessBase"]
[SourceDate "2018.10.10"]
[SourceVersion "1"]
[SourceVersionDate "2018.10.10"]
[SourceQuality "1"]
[WhiteTeam "Ingolstadt"]
[BlackTeam "Starnberg"]
[WhiteTeamCountry "GER"]
[BlackTeamCountry "GER"]

1. d4 Nf6 2. Bf4 d6 3. e3 g6 4. Nf3 Bg7 5. h3 0-0 6. Be2 c5 7. c4 Qb6 8. Qb3 Qxb3 9. axb3 Nc6 10. dxc5 dxc5 11. Nc3 Bf5 12. g4 Bd7 13. Ne5 Nxe5 14. Bxe5 Bc6 15. 0-0 Ne4 16. Bxg7 Kxg7 17. Nxe4 Bxe4 18. Rfd1 Bc6 19. Rd2 Rfd8 20. Rad1 Rxd2 21. Rxd2 g5 22. f4 gxf4 23. exf4 a5 24. Kf2 a4 1/2-1/2

[Event "Oberbayern Bezirksliga 1617"]
[Site "Germany"]
[Date "2016.12.04"]
[Round "3.3"]
[White "Hauschild, Helmut"]
[Black "Terzic, Safet"]
[Result "1/2-1/2"]
[WhiteElo "2109"]
[BlackElo "2150"]
[PlyCount "32"]
[EventDate "2016.10.16"]
[EventType "team-tourn"]
[EventRounds "9"]
[EventCountry "GER"]
[SourceTitle "EXT 2019"]
[Source "ChessBase"]
[SourceDate "2018.10.10"]
[SourceVersion "1"]
[SourceVersionDate "2018.10.10"]
[SourceQuality "1"]
[WhiteTeam "Waldkraiburg"]
[BlackTeam "Starnberg"]
[WhiteTeamCountry "GER"]
[BlackTeamCountry "GER"]

1. e4 c5 2. d3 d6 3. g3 g6 4. Bg2 Bg7 5. f4 Nc6 6. Nf3 Nf6 7. 0-0 0-0 8. c3 Rb8 9. a4 Qc7 10. Na3 a6 11. Nc4 b5 12. axb5 axb5 13. Ne3 b4 14. Qc2 e6 15. Bd2 Nd7 16. Kh1 Rd8 1/2-1/2

[Event "Zenica 19th"]
[Site "Zenica"]
[Date "2016.05.12"]
[Round "6"]
[White "Burovic, Ismet"]
[Black "Terzic, Safet"]
[Result "1-0"]
[WhiteElo "2377"]
[BlackElo "2222"]
[PlyCount "79"]
[EventDate "2016.05.09"]
[EventType "tourn"]
[EventRounds "9"]
[EventCountry "BIH"]
[SourceTitle "CBM 172 Extra"]
[Source "ChessBase"]
[SourceDate "2016.06.21"]
[SourceVersion "1"]
[SourceVersionDate "2016.06.21"]
[SourceQuality "1"]

1. e4 c5 2. Nf3 e6 3. d3 Nc6 4. g3 d6 5. Bg2 Nf6 6. 0-0 Be7 7. c3 0-0 8. Re1 Qc7 9. d4 e5 10. dxc5 dxc5 11. Bg5 Be6 12. Nfd2 Rfd8 13. Qe2 Rab8 14. Na3 a6 15. Nac4 h6 16. Bxf6 Bxf6 17. Ne3 Ne7 18. c4 Nc6 19. Nd5 Bxd5 20. cxd5 Nd4 21. Qd3 b5 22. b3 Bg5 23. f4 exf4 24. e5 fxg3 25. hxg3 Re8 26. d6 Qb6 27. Nf3 Ne6 28. Kh2 Bd8 29. Nd2 Ng5 30. Re2 Qa7 31. Bc6 Rf8 32. Rf1 Rc8 33. Bd5 Bb6 34. Rf5 Rce8 35. Rxg5 hxg5 36. Kh1 c4 37. bxc4 Bg1 38. Nf3 bxc4 39. Bxc4 Bf2 40. Nxg5 1-0

[Event "Zenica 19th"]
[Site "Zenica"]
[Date "2016.05.10"]
[Round "2"]
[White "Burovic, Rijad"]
[Black "Terzic, Safet"]
[Result "1/2-1/2"]
[WhiteElo "2347"]
[BlackElo "2222"]
[PlyCount "61"]
[EventDate "2016.05.09"]
[EventType "tourn"]
[EventRounds "9"]
[EventCountry "BIH"]
[SourceTitle "CBM 172 Extra"]
[Source "ChessBase"]
[SourceDate "2016.06.21"]
[SourceVersion "1"]
[SourceVersionDate "2016.06.21"]
[SourceQuality "1"]

1. e4 c5 2. d3 Nc6 3. g3 g6 4. Bg2 Bg7 5. f4 d6 6. Nf3 Nf6 7. 0-0 0-0 8. c3 e5 9. Na3 Rb8 10. Nc4 Ne8 11. Ne3 Ne7 12. f5 gxf5 13. Nh4 f4 14. gxf4 Ng6 15. Nxg6 fxg6 16. f5 gxf5 17. exf5 Nf6 18. Nd5 Nxd5 19. Bxd5+ Kh8 20. Qh5 Bd7 21. Rf3 Be8 22. Qh3 Bf7 23. Be4 Bf6 24. c4 b5 25. b3 Rg8+ 26. Kh1 a5 27. Be3 a4 28. Rg1 bxc4 29. Rxg8+ Bxg8 30. bxc4 Rb2 31. Rf2 1/2-1/2

[Event "Zenica 19th"]
[Site "Zenica"]
[Date "2016.05.10"]
[Round "3"]
[White "Terzic, Safet"]
[Black "Kuzmanovic, Slobodan"]
[Result "1/2-1/2"]
[WhiteElo "2222"]
[BlackElo "2146"]
[PlyCount "31"]
[EventDate "2016.05.09"]
[EventType "tourn"]
[EventRounds "9"]
[EventCountry "BIH"]
[SourceTitle "CBM 172 Extra"]
[Source "ChessBase"]
[SourceDate "2016.06.21"]
[SourceVersion "1"]
[SourceVersionDate "2016.06.21"]
[SourceQuality "1"]

1. d4 Nf6 2. c4 g6 3. Nc3 Bg7 4. e4 d6 5. Nf3 0-0 6. Be2 e5 7. 0-0 Nc6 8. d5 Ne7 9. Ne1 Ne8 10. Be3 f5 11. f3 Nf6 12. c5 f4 13. Bf2 g5 14. Rc1 h5 15. cxd6 cxd6 16. Nb5 1/2-1/2

[Event "Zenica op"]
[Site "Zenica"]
[Date "2013.09.08"]
[Round "6"]
[White "Spaho, Samir"]
[Black "Terzic, Safet"]
[Result "1/2-1/2"]
[WhiteElo "2135"]
[BlackElo "2239"]
[PlyCount "60"]
[EventDate "2013.09.05"]
[EventType "swiss"]
[EventRounds "7"]
[EventCountry "BIH"]
[SourceTitle "CBM 156 Extra"]
[Source "ChessBase"]
[SourceDate "2013.10.22"]
[SourceVersion "1"]
[SourceVersionDate "2013.10.22"]
[SourceQuality "1"]

1. e4 c5 2. Nf3 d6 3. d4 cxd4 4. Nxd4 Nf6 5. Nc3 a6 6. Bg5 e6 7. Qf3 Be7 8. 0-0-0 Qc7 9. Be2 Nc6 10. Qg3 Bd7 11. Be3 0-0-0 12. f4 g6 13. Rhe1 h5 14. h3 Kb8 15. Bg1 Rc8 16. Qe3 b5 17. Bxb5 axb5 18. Ndxb5 Qa5 19. Nxd6 Rc7 20. e5 Ne8 21. Qb6+ Qxb6 22. Bxb6 Bxd6 23. Bxc7+ Kxc7 24. Nb5+ Kb6 25. Nxd6 Nxd6 26. Rxd6 Bc8 27. Rd3 h4 28. Rc3 Bb7 29. b4 Kb5 30. a4+ Kxa4 1/2-1/2

[Event "Zenica op"]
[Site "Zenica"]
[Date "2013.09.05"]
[Round "1"]
[White "Terzic, Safet"]
[Black "Cahtarevic, Ferid"]
[Result "1-0"]
[WhiteElo "2239"]
[BlackElo "1851"]
[PlyCount "93"]
[EventDate "2013.09.05"]
[EventType "swiss"]
[EventRounds "7"]
[EventCountry "BIH"]
[SourceTitle "CBM 156 Extra"]
[Source "ChessBase"]
[SourceDate "2013.10.22"]
[SourceVersion "1"]
[SourceVersionDate "2013.10.22"]
[SourceQuality "1"]

1. d4 e6 2. c4 Nc6 3. Nf3 Nf6 4. g3 a6 5. Bg2 Bb4+ 6. Nc3 Ne4 7. Qc2 d5 8. 0-0 f5 9. c5 Bxc3 10. bxc3 0-0 11. h4 h6 12. c4 Nb4 13. Qb3 a5 14. Bf4 dxc4 15. Qxc4 Nd5 16. Be5 b6 17. Qc2 Ba6 18. Ne1 Ndc3 19. Nd3 Nd5 20. Rfe1 Rc8 21. a3 Rf7 22. Rac1 Nef6 23. Qb2 b5 24. c6 Nb6 25. Nc5 Na4 26. Nxa4 bxa4 27. Qc3 Ra8 28. f3 Nd5 29. Qd2 Bb5 30. Rc5 Ba6 31. e4 fxe4 32. fxe4 Ne7 33. d5 exd5 34. exd5 Nc8 35. Bh3 Re7 36. Qf4 Nd6 37. Be6+ Nf7 38. Qg4 Qf8 39. Rxa5 Rxe6 40. dxe6 Nxe5 41. Raxe5 Qxa3 42. e7 Re8 43. Qg6 Qf3 44. Qxe8+ Kh7 45. R5e3 Qf6 46. Qf8 Qxc6 47. Qf5+ 1-0

[Event "Zenica 16th"]
[Site "Zenica"]
[Date "2012.11.17"]
[Round "8"]
[White "Muratovic, Enver"]
[Black "Terzic, Safet"]
[Result "1/2-1/2"]
[WhiteElo "2311"]
[BlackElo "2246"]
[PlyCount "20"]
[EventDate "2012.11.12"]
[EventType "tourn"]
[EventRounds "9"]
[EventCountry "BIH"]
[EventCategory "5"]
[SourceTitle "CBM 151 Extra"]
[Source "ChessBase"]
[SourceDate "2012.12.18"]
[SourceVersion "1"]
[SourceVersionDate "2012.12.18"]
[SourceQuality "1"]

1. e4 c5 2. Nf3 e6 3. d4 cxd4 4. Nxd4 Nf6 5. Bd3 d6 6. 0-0 a6 7. c4 Nc6 8. Nxc6 bxc6 9. Nc3 Qc7 10. Qe2 Be7 1/2-1/2

[Event "Zenica 16th"]
[Site "Zenica"]
[Date "2012.11.13"]
[Round "3"]
[White "Drazic, Sinisa"]
[Black "Terzic, Safet"]
[Result "1-0"]
[WhiteElo "2488"]
[BlackElo "2246"]
[PlyCount "110"]
[EventDate "2012.11.12"]
[EventType "tourn"]
[EventRounds "9"]
[EventCountry "BIH"]
[EventCategory "5"]
[SourceTitle "CBM 151 Extra"]
[Source "ChessBase"]
[SourceDate "2012.12.18"]
[SourceVersion "1"]
[SourceVersionDate "2012.12.18"]
[SourceQuality "1"]

1. d4 Nf6 2. c4 g6 3. Nc3 Bg7 4. e4 d6 5. f3 0-0 6. Be3 c6 7. Qd2 a6 8. c5 b6 9. cxb6 Qxb6 10. Na4 Qc7 11. Ne2 Nbd7 12. Nec3 Nb6 13. Nxb6 Qxb6 14. Na4 Qb7 15. Rc1 Bd7 16. b3 Rfd8 17. Kf2 a5 18. Qc2 Ne8 19. Be2 Nc7 20. Rhd1 Nb5 21. Rd2 Be8 22. Qd1 h5 23. g3 Kh7 24. h3 Bd7 25. g4 Bf6 26. Kg2 Rab8 27. Qe1 Nc7 28. Qf2 Na6 29. e5 dxe5 30. dxe5 Bxe5 31. Bxa6 Qxa6 32. Nc5 Qc8 33. Rcd1 Bd6 34. Ne4 Be6 35. Qh4 Rh8 36. Rxd6 exd6 37. Bd4 Rb5 38. Qf6 Rg8 39. Qf4 g5 40. Qe3 Rg6 41. Nxd6 Qd8 42. Nxb5 cxb5 43. gxh5 Rg8 44. Qe4+ Kh6 45. Bg7+ Kxg7 46. Rxd8 Rxd8 47. Qe5+ Kh7 48. Qxb5 Rd5 49. Qe8 Kg7 50. Kg3 Rf5 51. Qc6 Bd5 52. Qc3+ f6 53. Qxa5 Rxf3+ 54. Kh2 Be6 55. Qb6 Bf5 1-0

[Event "BIH-chT1"]
[Site "Tuzla"]
[Date "2010.07.19"]
[Round "2"]
[White "Hodzic, Nihad"]
[Black "Terzic, Safet"]
[Result "0-1"]
[WhiteElo "2265"]
[BlackElo "2239"]
[PlyCount "78"]
[EventDate "2010.07.18"]
[EventType "team-swiss"]
[EventRounds "9"]
[EventCountry "BIH"]
[SourceTitle "CBM 137 Extra"]
[Source "ChessBase"]
[SourceDate "2010.09.01"]
[SourceVersion "1"]
[SourceVersionDate "2010.09.01"]
[SourceQuality "1"]

1. d4 Nf6 2. c4 e6 3. Nc3 c5 4. d5 exd5 5. cxd5 d6 6. e4 g6 7. h3 Bg7 8. Nf3 0-0 9. Bd3 b5 10. Nxb5 Nxe4 11. Bxe4 Re8 12. Ng5 Bf5 13. f3 h6 14. Nxf7 Kxf7 15. 0-0 a6 16. Bxf5 gxf5 17. Na3 Nd7 18. Nc4 Bd4+ 19. Kh1 Ne5 20. Qc2 Nxc4 21. Qxc4 Qf6 22. Rb1 Rg8 23. Bf4 Qh4 24. Bh2 Qg5 25. Qc2 f4 26. b4 c4 27. Rbe1 Be5 28. Re4 c3 29. Rfe1 Rge8 30. Qc1 Kg6 31. Rg1 Rf8 32. g3 Kh7 33. gxf4 Qh5 34. Qf1 Bf6 35. Qd3 Kh8 36. Rc4 Rac8 37. Rc6 Rg8 38. Rc1 Qxh3 39. Rc2 Rce8 0-1

[Event "BIH-chT 9th"]
[Site "Bihac"]
[Date "2010.06.13"]
[Round "9"]
[White "Terzic, Safet"]
[Black "Pestek, Elvis"]
[Result "1-0"]
[WhiteElo "2243"]
[BlackElo "1985"]
[PlyCount "87"]
[EventDate "2010.06.05"]
[EventType "team-tourn"]
[EventRounds "9"]
[EventCountry "BIH"]
[SourceTitle "EXT 2019"]
[Source "ChessBase"]
[SourceDate "2018.10.10"]
[SourceVersion "1"]
[SourceVersionDate "2018.10.10"]
[SourceQuality "1"]
[WhiteTeam "Zenica Celik"]
[BlackTeam "Gorazde"]
[WhiteTeamCountry "BIH"]
[BlackTeamCountry "BIH"]

1. d4 d5 2. c4 e6 3. Nc3 Nf6 4. Nf3 c6 5. e3 Bd6 6. Bd3 Nbd7 7. 0-0 0-0 8. Qc2 a6 9. a4 Re8 10. e4 dxe4 11. Nxe4 Nxe4 12. Bxe4 h6 13. Rd1 Nf6 14. Bd3 Qc7 15. c5 Bf4 16. Bxf4 Qxf4 17. Ne5 Nd5 18. Bh7+ Kf8 19. Bg6 Re7 20. Bxf7 Qg5 21. h4 Qf6 22. Bh5 Nf4 23. Bg4 Kg8 24. g3 h5 25. Bf3 Nd5 26. Bxh5 Bd7 27. Bg6 Be8 28. Ra3 Bxg6 29. Nxg6 Rf7 30. Ne5 Rc7 31. Rf3 Qh6 32. Qe4 Nf6 33. Qe2 Re7 34. b4 Rf8 35. b5 axb5 36. axb5 cxb5 37. Qxb5 Ra8 38. Qb2 Qh7 39. Qb1 Qh5 40. Kg2 Ra6 41. Rd2 Nd7 42. Ng6 Re8 43. Nf4 Qf7 44. Qxb7 1-0

[Event "Regionalliga SO 0910"]
[Site "Bayern"]
[Date "2010.04.11"]
[Round "9.1"]
[White "Seisenberger, Georg"]
[Black "Terzic, Safet"]
[Result "0-1"]
[WhiteElo "2038"]
[BlackElo "2183"]
[PlyCount "60"]
[EventDate "2009.10.18"]
[EventType "team-tourn"]
[EventRounds "9"]
[EventCountry "GER"]
[SourceTitle "EXT 2011"]
[Source "ChessBase"]
[SourceDate "2010.11.26"]
[SourceVersion "1"]
[SourceVersionDate "2010.11.26"]
[SourceQuality "1"]
[WhiteTeam "Ilmmuenster"]
[BlackTeam "Starnberg"]
[WhiteTeamCountry "GER"]
[BlackTeamCountry "GER"]

1. d4 Nf6 2. c4 e6 3. Nc3 c5 4. d5 exd5 5. cxd5 d6 6. e4 g6 7. h3 Bg7 8. Nf3 0-0 9. Bd3 b5 10. Bxb5 Nxe4 11. Nxe4 Qa5+ 12. Nfd2 Qxb5 13. Nxd6 Qa6 14. N2c4 Rd8 15. Qc2 Bf8 16. Nxc8 Qxc8 17. 0-0 Rxd5 18. Be3 Nc6 19. Rfd1 Nd4 20. Bxd4 cxd4 21. b3 a5 22. Rd3 Ra6 23. Rad1 Bg7 24. a4 h5 25. Na3 Re6 26. Qd2 Kh7 27. Nb5 Qd8 28. Nxd4 Bxd4 29. Rxd4 Rxd4 30. Qxd4 Re1+ 0-1

[Event "Regionalliga SO 0910"]
[Site "Bayern"]
[Date "2010.01.24"]
[Round "5.1"]
[White "Riedel, Wolfgang"]
[Black "Terzic, Safet"]
[Result "1/2-1/2"]
[WhiteElo "2194"]
[BlackElo "2183"]
[PlyCount "24"]
[EventDate "2009.10.18"]
[EventType "team-tourn"]
[EventRounds "9"]
[EventCountry "GER"]
[SourceTitle "EXT 2011"]
[Source "ChessBase"]
[SourceDate "2010.11.26"]
[SourceVersion "1"]
[SourceVersionDate "2010.11.26"]
[SourceQuality "1"]
[WhiteTeam "Graefelfing"]
[BlackTeam "Starnberg"]
[WhiteTeamCountry "GER"]
[BlackTeamCountry "GER"]

1. d4 d5 2. c4 c6 3. Nf3 Nf6 4. e3 e6 5. Nbd2 Nbd7 6. b3 Bd6 7. Bb2 Qc7 8. Bd3 e5 9. dxe5 Nxe5 10. Nxe5 Bxe5 11. Bxe5 Qxe5 12. 0-0 0-0 1/2-1/2

[Event "Warsaw AIG Life rapid 9th"]
[Site "Warsaw"]
[Date "2009.12.20"]
[Round "9"]
[White "Mista, Aleksander"]
[Black "Terzic, Safet"]
[Result "1-0"]
[WhiteElo "2563"]
[BlackElo "2255"]
[PlyCount "80"]
[EventDate "2009.12.19"]
[EventType "swiss (rapid)"]
[EventRounds "13"]
[EventCountry "POL"]
[SourceTitle "CBM 133 Extra"]
[Source "ChessBase"]
[SourceDate "2010.01.05"]
[SourceVersion "1"]
[SourceVersionDate "2010.01.05"]
[SourceQuality "1"]

1. e4 c5 2. Nf3 d6 3. d4 cxd4 4. Nxd4 Nf6 5. Nc3 e6 6. Be2 Be7 7. f4 Nc6 8. Be3 Qc7 9. Qd2 a6 10. 0-0-0 Bd7 11. g4 Nxd4 12. Qxd4 Bc6 13. g5 e5 14. Qd3 Nd7 15. f5 Nc5 16. Bxc5 dxc5 17. Qg3 Rd8 18. Rxd8+ Qxd8 19. h4 Qc7 20. Bc4 b5 21. Bd5 Bd7 22. g6 hxg6 23. fxg6 f6 24. h5 Rh6 25. Bf7+ Kf8 26. Nd5 Qd6 27. Qf3 Bc8 28. Rd1 Qd7 29. Nxe7 Qxe7 30. Rd5 f5 31. Qd1 Qc7 32. Rd8+ Ke7 33. Re8+ Kf6 34. Qh1 Kg5 35. Qg2+ Kxh5 36. Qh3+ Kg5 37. Qg3+ Kh5 38. Rxe5 Qd8 39. Rxc5 Qg5+ 40. Qxg5+ Kxg5 1-0

[Event "BIH CFFBH-chT1"]
[Site "Cazin"]
[Date "2009.06.28"]
[Round "2"]
[White "Terzic, Safet"]
[Black "Drasko, Milan"]
[Result "0-1"]
[WhiteElo "2262"]
[BlackElo "2527"]
[PlyCount "39"]
[EventDate "2009.06.27"]
[EventType "team-tourn"]
[EventRounds "9"]
[EventCountry "BIH"]
[SourceTitle "EXT 2019"]
[Source "ChessBase"]
[SourceDate "2018.10.10"]
[SourceVersion "1"]
[SourceVersionDate "2018.10.10"]
[SourceQuality "1"]

1. d4 e6 2. c4 Nf6 3. Nc3 Bb4 4. a3 Bxc3+ 5. bxc3 c5 6. e3 b6 7. Bd3 Bb7 8. f3 Nc6 9. Ne2 0-0 10. e4 Ne8 11. 0-0 Ba6 12. Be3 Nd6 13. dxc5 Nxc4 14. Bf2 Nb2 15. Bxa6 Nxd1 16. Rfxd1 Qc7 17. Rab1 Rfb8 18. Bb5 bxc5 19. Bxc5 a6 20. Bd6 0-1

[Event "Regionalliga SO 0809"]
[Site "Bayern"]
[Date "2009.03.29"]
[Round "9.2"]
[White "Terzic, Safet"]
[Black "Schmaus, Horst"]
[Result "1-0"]
[WhiteElo "2199"]
[BlackElo "2033"]
[PlyCount "55"]
[EventDate "2008.10.05"]
[EventType "team-tourn"]
[EventRounds "9"]
[EventCountry "GER"]
[SourceTitle "EXT 2020"]
[Source "ChessBase"]
[SourceDate "2019.10.17"]
[SourceVersion "1"]
[SourceVersionDate "2019.10.17"]
[SourceQuality "1"]
[WhiteTeam "Starnberg"]
[BlackTeam "Landshut"]
[WhiteTeamCountry "GER"]
[BlackTeamCountry "GER"]

1. e4 c5 2. Nf3 e6 3. d4 cxd4 4. Nxd4 Nf6 5. Nc3 d6 6. g4 Be7 7. g5 Nfd7 8. h4 a6 9. Be3 b5 10. a3 Bb7 11. Bg2 Nc6 12. f4 Qb8 13. Qd2 0-0 14. 0-0 Re8 15. f5 Nxd4 16. Bxd4 e5 17. Be3 Bf8 18. f6 g6 19. h5 Bc6 20. hxg6 hxg6 21. Qf2 b4 22. Nd1 Bb5 23. Re1 Bc4 24. Qh4 Qd8 25. Kf2 Nxf6 26. gxf6 Bg7 27. Bg5 Qb6+ 28. Ne3 1-0